| 000 | 00626nam a2200277Ia 4500 | ||
|---|---|---|---|
| 005 | 20260401122423.0 | ||
| 008 | 008 250103s9999 xx 000 0 eng d | ||
| 020 | _a9780198187097 | ||
| 037 | _aTB | ||
| 040 | _aEDL | ||
| 040 | _beng | ||
| 040 | _cEDL | ||
| 041 | _2eng | ||
| 041 | _aeng | ||
| 084 | _a821.70 WOO | ||
| 084 | _qEDL | ||
| 245 | 0 | _aPoetry of Slavery: An Anglo - American anthology 1764-1865 | |
| 260 | _aNew York | ||
| 260 | _bOxford University Press | ||
| 260 | _c2003 | ||
| 300 | _a704p | ||
| 942 | _cTB | ||
| 942 | _h821.70 WOO | ||
| 999 |
_c1847161 _d1847161 |
||